000 00374pab a2200145 454500
008 180718b1985 xxu||||| |||| 00| 0 eng d
100 _aSimon, sidney H.
245 _aPersonnel computing
_bOn line, realtime and expert system software defined
260 _c1985
300 _a96-100
362 _aMar.
650 _aComputers
773 _aPersonnel Journal
909 _a6378
999 _c6378
_d6378